Normal view MARC view
  • Our Quaid

Entry Geographic Name

Number of records used in: 1

001 - CONTROL NUMBER

  • control field: 108646

003 - CONTROL NUMBER IDENTIFIER

  • control field: NUST

005 - DATE AND TIME OF LATEST TRANSACTION

  • control field: 20230206113849.0

008 - FIXED-LENGTH DATA ELEMENTS

  • fixed length control field: 230206|| aca||aabn | a|a d

040 ## - CATALOGING SOURCE

  • Original cataloging agency: NUST
  • Transcribing agency: NUST

151 ## - HEADING--GEOGRAPHIC NAME

  • Geographic name: Our Quaid

670 ## - SOURCE DATA FOUND

  • Source citation: Work cat.: (NUST)217045: Bazmi, Aslam, 6707, Our Quaid :, 2014
© 2023 Central Library, National University of Sciences and Technology. All Rights Reserved.